<?xml version="1.0" encoding="UTF-8"?><?xml-stylesheet type="text/xsl" href="static/style.xsl"?><OAI-PMH xmlns="http://www.openarchives.org/OAI/2.0/" xmlns:xsi="http://www.w3.org/2001/XMLSchema-instance" xsi:schemaLocation="http://www.openarchives.org/OAI/2.0/ http://www.openarchives.org/OAI/2.0/OAI-PMH.xsd"><responseDate>2026-06-02T09:06:29Z</responseDate><request verb="GetRecord" identifier="oai:riuma.uma.es:10630/11824" metadataPrefix="marc">https://riuma.uma.es/rest/oai/request</request><GetRecord><record><header><identifier>oai:riuma.uma.es:10630/11824</identifier><datestamp>2026-02-03T12:28:32Z</datestamp><setSpec>com_10630_2254</setSpec><setSpec>col_10630_37959</setSpec></header><metadata><record xmlns="http://www.loc.gov/MARC21/slim" xmlns:dcterms="http://purl.org/dc/terms/" xmlns:doc="http://www.lyncode.com/xoai" xmlns:xsi="http://www.w3.org/2001/XMLSchema-instance" xsi:schemaLocation="http://www.loc.gov/MARC21/slim http://www.loc.gov/standards/marcxml/schema/MARC21slim.xsd">
   <leader>00925njm 22002777a 4500</leader>
   <datafield ind2=" " ind1=" " tag="042">
      <subfield code="a">dc</subfield>
   </datafield>
   <datafield ind2=" " ind1=" " tag="720">
      <subfield code="a">Santín-Núñez, Luis Javier</subfield>
      <subfield code="e">author</subfield>
   </datafield>
   <datafield ind2=" " ind1=" " tag="720">
      <subfield code="a">Zambrana-Infantes, Emma</subfield>
      <subfield code="e">author</subfield>
   </datafield>
   <datafield ind2=" " ind1=" " tag="720">
      <subfield code="a">Galeano, Pablo</subfield>
      <subfield code="e">author</subfield>
   </datafield>
   <datafield ind2=" " ind1=" " tag="720">
      <subfield code="a">Rosell-del-Valle, Cristina</subfield>
      <subfield code="e">author</subfield>
   </datafield>
   <datafield ind2=" " ind1=" " tag="720">
      <subfield code="a">Ladrón de Guevara-Miranda, David</subfield>
      <subfield code="e">author</subfield>
   </datafield>
   <datafield ind2=" " ind1=" " tag="720">
      <subfield code="a">Castilla-Ortega, María Estela</subfield>
      <subfield code="e">author</subfield>
   </datafield>
   <datafield ind2=" " ind1=" " tag="720">
      <subfield code="a">Rodriguez-de-Fonseca, Fernando</subfield>
      <subfield code="e">author</subfield>
   </datafield>
   <datafield ind2=" " ind1=" " tag="720">
      <subfield code="a">Blanco-Calvo, Eduardo</subfield>
      <subfield code="e">author</subfield>
   </datafield>
   <datafield ind2=" " ind1=" " tag="260">
      <subfield code="c">2016-07-13</subfield>
   </datafield>
   <datafield ind2=" " ind1=" " tag="520">
      <subfield code="a">Aims. Cocaine addiction is a chronically relapsing disorder characterized by the compulsion to seek and take the drug. Previous investigations have demonstrated that several drugs of abuse, as cocaine, can alter the levels of lipid-based signalling molecules such as the N-acylethanolamines (NAEs). In addition, NAEs levels in the brain are sensitive to cocaine self-administration and extinction training. In this context, this study aimed to investigate the effect of repeated and acute palmitoylethanolamide (PEA), an endogenous NAE, on the behavioural effects of cocaine using mouse models of conditioned reward and psychomotor activation.&#xd;
&#xd;
Methods. Using male C57BL/6J mice, the ability of repeated PEA injections (1 or 10 mg/kg i.p) to modulate the development of a conditioned place preference (CPP) and behavioural sensitization (BS) induced by cocaine (20 mg/kg i.p.) was evaluated. In addition, the expression of cocaine-induced CPP and BS after acute PEA administration was also studied.&#xd;
&#xd;
Results. PEA (1 and 10 mg/kg i.p) significantly reduced the development of cocaine-induced BS, but did not modify the acquisition of cocaine-induced CPP. Furthermore, both doses of PEA were able to reduce the expression of BS and CPP.&#xd;
&#xd;
Conclusions. Altogether, these findings show that exogenous administration of PEA attenuated psychomotor activation and impaired the expression of CPP induced by cocaine. Our results may be relevant in order to understand the role of NAEs in the development and treatment of cocaine addiction.</subfield>
   </datafield>
   <datafield ind1="8" ind2=" " tag="024">
      <subfield code="a">http://hdl.handle.net/10630/11824</subfield>
   </datafield>
   <datafield tag="653" ind2=" " ind1=" ">
      <subfield code="a">Cocaína</subfield>
   </datafield>
   <datafield tag="653" ind2=" " ind1=" ">
      <subfield code="a">Toxicomanía</subfield>
   </datafield>
   <datafield ind2="0" ind1="0" tag="245">
      <subfield code="a">Effects of palmitoylethanolamide in cocaine-induced behaviours</subfield>
   </datafield>
</record>
</metadata></record></GetRecord></OAI-PMH>